000
00340nam a2200145Ia 4500
008
191201s2003 xx 000 0 und d
082
_a
621.38214
_b
SAE
100
_a
SADIKU, Matthew No
245
0
_a
Elements of Electromagnetics
250
_a
3rd
260
_a
USA
_b
OUP
_c
2003
300
_a
765
650
_a
B.Tech(ECE)
942
_2
ddc
_c
BK
999
_c
1181
_d
1181